Report of The President's Commission on the Assassination of President John F. Kennedy

में बचाया:
ग्रंथसूची विवरण
स्वरूप: पुस्तक
भाषा:अंग्रेज़ी
प्रकाशित: Washington, D.C U.S. Government Printing Office 1964
विषय:
टैग: टैग जोड़ें
कोई टैग नहीं, इस रिकॉर्ड को टैग करने वाले पहले व्यक्ति बनें!

MARC

LEADER 00000nam a2200000 a 4500
001 UCS2670
003 CL-VaPUC
008 970604e19640000US |||||||||||||||||eng|d
082 0 4 |a 364.1  |b REP  |2 21 
245 1 0 |a Report of The President's Commission on the Assassination of President John F. Kennedy 
300 |a 888 p 
942 |c BK 
945 |d 19970604 00:00:00  |a paguirre 
260 |a Washington, D.C  |b U.S. Government Printing Office  |c 1964 
600 0 |a Kennedy, John Fitzgerald  |d 1917-1963  |9 859083 
600 0 7 |a OSWALD, LEE HARVEY  |2 CL-VaPUC  |9 388349 
650 0 |a Asesinatos   |9 401043 
650 7 |a DELITOS POLITICOS  |2 CL-VaPUC  |9 256092 
650 0 |a Terrorismo   |9 255070 
650 0 |a Investigación criminal   |9 265346 
651 0 |a Estados Unidos  |9 255178 
583 |a last modification  |c 19970604 00:00:00  |k Rodrigo Vera 
999 |c 260609  |d 260607 
952 |0 0  |1 0  |4 0  |6 364_100000000000000_REP_1964  |7 0  |8 P  |9 286840  |a BIBDER  |b BIBDER  |d 2019-11-19  |i 1864041  |o 364.1 REP 1964  |p 1864041  |r 2023-01-25  |w 2019-11-19  |y BK  |k DER 
952 |0 0  |1 0  |4 0  |6 364_100000000000000_REP_1964  |7 0  |8 A  |9 286841  |a BIBHIS  |b BIBHIS  |d 2019-11-19  |i 1384473  |o 364.1 REP 1964  |p 1384473  |r 2025-01-20  |w 2019-11-19  |y BK  |k HIS 
952 |0 0  |1 0  |4 0  |6 364_100000000000000_REP_1964  |7 0  |8 A  |9 286842  |a BIBHIS  |b BIBHIS  |d 2019-11-19  |i 1384481  |o 364.1 REP 1964  |p 1384481  |r 2025-01-20  |w 2019-11-19  |y BK  |k HIS